000 00839nam a22002777a 4500
001 BR9509575
003 BR-BrBNA
005 20230928095126.0
007 ta
008 230509b bl.||||| |||| 00| 0 por d
040 _aBR-BrBNA
_bpor
_cBiblioteca Nacional de Agricultura
041 _a(Por)
072 _aD50; E11
090 _ D50 BR9509575
110 1 _aInstituto Nacional de Colonizacao e Reforma Agraria, Brasilia, DF (Brasil)
245 1 _aEstatuto da terra, lei no 4.504, de 30 de novembro de 1964
260 3 _aBrasilia, DF (Brasil):
_c[nd].
300 _a55 p.
500 _aInclui no exemplar 3 uma coletanea sobre reforma agrária
650 _aEstatuto da Terra
650 _aReforma Agraria
650 _aDesenvolvimento Rural
650 _aLegislacao
909 _a202309
_bLucia
_c55
_dLucia Elande
942 _cBK
999 _c54669
_d54669